000 00559nam a22001817a 4500
003 OSt
005 20251129111919.0
008 250826b |||||||| |||| 00| 0 eng d
020 _a0-538-84432-9.
040 _aDWCL-Main lib
_cOC
082 _aCirc. 658.15 R215 1995
_23rd ed.
100 _aRao, Ramesh K.S.
245 _aFinancial management/
_cRao, Ramesh K.S.
260 _aSingapore :
_bInternational Thomson Publishing,
_cc1995
300 _axxviii, 891 p. :
_b ill. ;
_c23 cm.
650 _aCorporations-Finance.
942 _2ddc
_cBK-CIRC
_kCirc.
_n0
_e3rd ed.
999 _c4266
_d4266